Diseño electromecánico del túnel vial urbano Zapote - Curridabat: análisis de la normativa internacional en especificaciones de diseño electromecánico de túneles viales y su aplicación en Costa Rica, específicamente en el proyecto del túnel vial urbano Zapote- Curridabat, adecuando al proyecto los requerimiento solicitados por la normativa
Uloženo v:
| Hlavní autor: | |
|---|---|
| Médium: | Kniha |
| Vydáno: |
[San José, Costa Rica]
2010
|
| Témata: | |
| Tagy: |
Přidat tag
Žádné tagy, Buďte první, kdo vytvoří štítek k tomuto záznamu!
|
MARC
| LEADER | 00000nam a2200000Ia 4500 | ||
|---|---|---|---|
| 003 | 010066 | ||
| 005 | 20221231144033.0 | ||
| 008 | 140114s2010 cr a 000 ||s d | ||
| 040 | |c cru CEDI | ||
| 090 | |a TFG 6236 | ||
| 100 | |a Cruz Ríos, Juan Pablo |9 2866 | ||
| 245 | |a Diseño electromecánico del túnel vial urbano Zapote - Curridabat: análisis de la normativa internacional en especificaciones de diseño electromecánico de túneles viales y su aplicación en Costa Rica, específicamente en el proyecto del túnel vial urbano Zapote- Curridabat, adecuando al proyecto los requerimiento solicitados por la normativa | ||
| 260 | |c 2010 |b [San José, Costa Rica] | ||
| 500 | |a Proyecto de graduación (bachillerato en ingeniería)--Universidad de Costa Rica. Facultad de Ingeniería. Escuela de Ingeniería Eléctrica, 2010 "IE - 0502 Proyecto Eléctrico" | ||
| 650 | |x CONSTRUCCION DE TUNELES |x DISTRIBUCION DE ENERGIA ELECTRICA |x DISPOSITIVOS ELECTROMECANICOS |x ELECTRICIDAD |x DISPOSITIVOS DE DISTRIBUCION |9 2867 | ||
| 942 | |c TFG | ||
| 999 | |c 15967 |d 15967 | ||
